000
00220 a2200097 4500
001
30958
100
_a
Dickens C
245
_a
Great Expectations
260
_a
Oxford
_b
Oxford University Press
_c
090
_c
20851
_d
20851
942
_a
NUST-CAE
_c
M
_c
12060
999
_c
266031
_d
266031